00601 2200241 4500001002100000005001500021035002000036008004100056245007100097100001900168250000600187260004400193300002000237022000600257024000600263084001400269082000800283650001000291863000600301856003400307990000900341990000900350INLIS00000000000064720230605024240 a0010-0220000077230605 0 ind 1 aBuku cerdas kurikulum 2013 kimia sma kelas 1,2,3 /cSiti Nurhayati aSiti Nurhayati a1 ajakarta :bSekretariat Negara RI,c2015 a256hal. ;c23cm a0 a0 a540 SIT b a540 4akimia a0 aPengetahuan Alam & Ilmu Pasti a7250 a7250